Marki soków popularnych w Polsce - Statystyki

Ogólne statystyki
  • Ten quiz został rozwiązany 188 razy
  • Średni wynik to 4 z 9
Statystyki odpowiedzi
Odpowiedź % Poprawnych
Tymbark
97%
Hortex
72%
Kubuś
53%
Caprio
43%
Frugo
26%
Fortuna
25%
Tarczyn
21%
Dr Witt
14%
Cymes
4%
Nie znaleziono quizów pasujących do podanych kryteriów
Rozkład punktacji
Procent ludzi z każdym wynikiem
Percentyl według liczby udzielonych odpowiedzi
Twoja historia wyników
Nie rozwiązałeś tego quizu